Music Quiz

Random Music or Anime Quiz

Can you name the anime? (II) Quiz Stats

 Plays Quiz not verified by Sporcle

Score 0/52 Timer 20:00
0 Plays Today
Time Answer % Correct
06:35-06:47Shingeki no Kyojin
85.6%
00:41-00:53Code Geass: Lelouch of the Rebellion
84.4%
01:48-01:59Naruto
80.4%
07:50-08:01Bleach
78.8%
04:05-04:18Full Metal Alchemist: Brotherhood
74.1%
04:19-04:35Durarara!!!
74%
02:00-02:11Toradora!
73.6%
04:36-04:47One Piece
71.9%
09:58-10:08Neon Genesis Evangelion
70.7%
08:44-08:54Dragon Ball Z
69%
00:14-00:28Vampire Knight
65.5%
07:38-07:49Ouran High School Host Club
64.8%
07:26-07:37Soul Eater
59%
06:11-06:25Ao no Exorcist
57.4%
02:44-02:57BECK: The Mongolian Chop Squad
54.4%
07:12-07:25SA: Special A
53.4%
05:57-06:10Magi: The Labyrinth of Magic
50.8%
08:14-08:28Yu Yu Hakusho
47.8%
03:22-03:33Gintama
46.2%
08:29-08:43Haikyuu!!
43.6%
11:02-11:15Ano Hi Mita Hana no Namae o Bokutachi wa Mada Shiranai
42.2%
00:00-00:13Shaman King
37.9%
09:44-09:57xxxHolic
34.9%
05:29-05:41InuYasha
34.2%
09:07-09:16HunterXHunter
34.2%
03:12-03:21Busou Renkin
30.1%
Time Answer % Correct
01:32-01:47Jigoku Shoujo: Girl from Hell
28.9%
06:26-06:34Full Metal Panic? Fumoffu!
28.6%
10:51-11:01Usagi Drop
26.6%
01:07-01:17Chrono Crusade
25.5%
02:12-02:26.hack||sign
24.4%
00:54-01:06Yu-Gi-Oh! Duel Monsters
22.2%
09:07-09:30Paradise Kiss
21.6%
00:29-00:40Candy Candy
21.4%
08:02-08:13Fushigi Yuugi
16.3%
10:09-10:22Itazura na Kiss
16%
05:19-05:28Cromartie High School
14.4%
03:34-03:47Isshuukan Friends
13%
09:31-09:43Tsubasa: Reservoir Chronicle
11.2%
02:58-03:11Kimi to Boku
9%
05:42-05:56Gundam Seed Destiny
8.1%
05:04-05:18Yumeiro Patissiere
7.8%
10:23-10:33The Prince of Tennis
7.5%
08:55-09:06Gokusen
4.8%
02:27-02:43Monster Rancher
3.2%
07:00-07:11Hungry Heart: Wild Striker
3%
04:48-05:03The Legend of Condor Hero
2.3%
06:48-06:59Galaxy Angel AA
2.2%
10:34-10:50Strange Dawn
1.5%
01:18-01:31Stratos 4
1.4%
03:48-04:04Boys Be...
1.4%
11:16-11:30 (End)Super Doll Licca-chan!
1%

You're not logged in!

Compare scores with friends on all Sporcle quizzes.
Join for Free
OR
Log In

You Might Also Like...

Show Comments

Extras

Top Quizzes Today


Score Distribution

Your Account Isn't Verified!

In order to create a playlist on Sporcle, you need to verify the email address you used during registration. Go to your Sporcle Settings to finish the process.

Report this User

Report this user for behavior that violates our Community Guidelines.

Details: